La Liga Top Scorer in 21C - Sudden Death - Statistics

General Stats
  • This quiz has been taken 61 times
    59 since last reset
  • The average score is 5 of 10
Answers on the Grid
Answers color-coded by a green-red scale on the quiz's grid according to % correct below.
Alexander Isak
Alexander Sørloth
Álvaro Negredo
Antoine Griezmann
Artem Dovbyk
Cristhian Stuani
Cristiano Ronaldo
Daniel Güiza
David Villa
Diego Costa
Diego Forlán
Gerard Moreno
Gonzalo Higuaín
Iago Aspas
Joselu
Karim Benzema
Lionel Messi
Luis Fabiano
Luis Suárez
Neymar
Radamel Falcao
Robert Lewandowski
Roberto Soldado
Ruud van Nistelrooy
Samuel Eto'o
Sergio Agüero
Vinicius Júnior
Wissam Ben Yedder
 
Answer Stats
Answer % Correct
Lionel Messi
85%
Luis Suárez
76%
Cristiano Ronaldo
71%
Robert Lewandowski
68%
Karim Benzema
66%
Artem Dovbyk
34%
Daniel Güiza
32%
Samuel Eto'o
29%
Diego Forlán
27%
Ruud van Nistelrooy
24%
No matching quizzes found
Score Distribution
Percent of People with Each Score
Percentile by Number Answered
Your Score History
You have not taken this quiz since the last reset